[Event "Bayern ch 2008"]
[Site "Bad Neustadt /Saale"]
[Date "2008.08.31"]
[Round "2.9"]
[White "Rother, Christoph"]
[Black "Wild, Rudolf"]
[Result "1/2-1/2"]
[WhiteElo "2291"]
[BlackElo "2267"]
[PlyCount "117"]
[EventDate "2008.??.??"]
[WhiteTeam "SV Fortuna Regensburg"]
[BlackTeam "SK Krumbach"]

1. e4 c5 2. Nf3 Nc6 3. d4 cxd4 4. Nxd4 Nf6 5. Nc3 e5 6. Ndb5 d6 7. Bg5 a6 8.
Na3 b5 9. Bxf6 gxf6 10. Nd5 f5 11. Bd3 Be6 12. O-O Bxd5 13. exd5 Ne7 14. Qh5 e4
15. Be2 Bg7 16. Rab1 O-O 17. c4 b4 18. Nc2 a5 19. Kh1 Qc8 20. f3 Qc5 21. fxe4
fxe4 22. Qh4 Rae8 23. Qxe4 Nxd5 24. Qd3 Ne3 25. Nxe3 Rxe3 26. Qd1 f5 27. Bf3 f4
28. Rf2 Kh8 29. Bd5 Be5 30. Rf3 Qa7 31. Qf1 Qg7 32. b3 Re8 33. Re1 Bc3 34.
Rexe3 fxe3 35. Qe2 Qd4 36. Rf1 Qd2 37. Bf3 (37. Qh5 Rg8 38. Be4) 37... Kg7 38.
Rd1 Qxe2 39. Bxe2 Bd2 40. Kg1 Rf8 41. Bf3 Kf6 (41... Rxf3) 42. Kf1 Ke5 43. Ke2
Kd4 44. Rf1 Kc3 45. Be4 Rxf1 46. Kxf1 h6 47. Ke2 Kb2 48. Bc6 Kxa2 49. Ba4 Kb2
50. g4 Kc3 51. h4 Kd4 52. g5 hxg5 53. hxg5 Ke4 54. g6 Bc3 55. Bc6+ Kf4 56. Ba4
Bd4 57. Bc6 Kf5 58. Be8 a4 59. Bxa4 1/2-1/2

[Event "Bayern ch 2008"]
[Site "Bad Neustadt /Saale"]
[Date "2008.08.31"]
[Round "2.10"]
[White "Otte, Marco"]
[Black "Röder, Frank"]
[Result "1-0"]
[WhiteElo "2250"]
[BlackElo "2252"]
[PlyCount "83"]
[EventDate "2008.??.??"]
[WhiteTeam "SC Tarrasch 45 München"]
[BlackTeam "SV Altensittenbach"]

1. g4 d5 2. Bg2 c6 3. h3 e5 4. d3 f5 5. gxf5 Bxf5 6. e4 dxe4 7. Bxe4 Bxe4 8.
dxe4 Qxd1+ 9. Kxd1 Nf6 10. f3 Na6 11. c3 O-O-O+ 12. Kc2 Bc5 13. Ne2 Rhf8 14. b4
Bb6 15. a4 Nh5 16. Rf1 Rd7 17. a5 Bd8 18. Be3 Kb8 19. Nd2 Rdf7 20. Nc1 Nf4 21.
Bxf4 exf4 22. Nd3 Nc7 23. Nc4 a6 24. Rad1 Bf6 25. Nd6 Re7 26. Nc5 Be5 27. Nc4
Ne6 28. Nd7+ Rxd7 29. Rxd7 Bc7 30. Re7 Rf6 31. Rd1 h5 32. Re8+ Ka7 33. Rd7 g5
34. Rxe6 Rxe6 35. Rxc7 g4 36. Nb6 Re8 37. hxg4 hxg4 38. Rg7 gxf3 39. Rf7 c5 40.
Rxf4 cxb4 41. cxb4 Kb8 42. Kd3 1-0

[Event "Bayern ch 2008"]
[Site "Bad Neustadt /Saale"]
[Date "2008.08.31"]
[Round "2.11"]
[White "Schatz, Christian"]
[Black "Barth, Norbert"]
[Result "1/2-1/2"]
[WhiteElo "2209"]
[BlackElo "2284"]
[PlyCount "73"]
[EventDate "2008.??.??"]
[WhiteTeam "Schachzentrum Fürth 2002"]
[BlackTeam "SK Schwandorf"]

1. Nf3 d5 2. c4 c6 3. d4 Nf6 4. e3 Bg4 5. cxd5 Bxf3 6. Qxf3 cxd5 7. Nc3 Nc6 8.
Bd3 e6 9. O-O Be7 10. Bd2 O-O 11. Rac1 Rc8 12. Qh3 Na5 13. b3 Ba3 14. Rc2 Nc6
15. Nb1 Be7 16. Rfc1 Qd7 17. a3 a6 18. b4 Na7 19. Nc3 g6 20. Qf3 Kg7 21. Qd1
Rc7 22. Na4 Rxc2 23. Qxc2 Bd6 24. Nc5 Qe7 25. f4 Rc8 26. Qd1 Rc7 27. Qe2 Qd8
28. Qd1 Qc8 29. h3 Kg8 30. Nb3 Nb5 31. Rxc7 Nxc7 32. Qc2 Qb8 33. Na5 Nce8 34.
Qb3 Nc7 35. Qc2 Be7 36. a4 Nce8 37. b5 1/2-1/2

[Event "Bayern ch 2008"]
[Site "Bad Neustadt /Saale"]
[Date "2008.08.31"]
[Round "2.12"]
[White "Kaunzinger, Albert"]
[Black "Lochte, Thomas"]
[Result "0-1"]
[WhiteElo "2226"]
[BlackElo "2176"]
[PlyCount "80"]
[EventDate "2008.??.??"]
[WhiteTeam "SC Gröbenzell"]
[BlackTeam "SK Weilheim"]

1. d4 d5 2. Bf4 c5 3. e3 Nc6 4. c3 Nf6 5. Nd2 Qb6 6. Qb3 c4 7. Qc2 Nh5 8. Bg3
h6 9. Bh4 g5 10. Be2 Ng7 11. Bg3 Nf5 12. e4 Nxg3 13. hxg3 e6 14. Nf1 Qa5 15.
Nf3 Bg7 16. N3d2 Bd7 17. Ne3 O-O-O 18. Bf3 Ne7 19. b3 cxb3 20. Nxb3 Qc7 21. Nc5
Bc6 22. e5 Qa5 23. Nb3 Qa4 24. Be2 f6 25. exf6 Bxf6 26. Qb2 b6 27. Rb1 Nf5 28.
Nc5 bxc5 29. Qb8+ Kd7 30. Rb7+ Bxb7 31. Qxb7+ Kd6 32. Bb5 Qa3 33. Nxf5+ exf5
34. Qc6+ Ke7 35. O-O Qxc3 36. dxc5 Kf7 37. Qc7+ Be7 38. c6 Rc8 39. Qd7 Qe5 40.
Rd1 Rc7 0-1

[Event "Bayern ch 2008"]
[Site "Bad Neustadt /Saale"]
[Date "2008.08.31"]
[Round "2.13"]
[White "Jussupow, Nadia"]
[Black "Kliche, Alexander"]
[Result "1/2-1/2"]
[WhiteElo "2166"]
[BlackElo "2211"]
[PlyCount "53"]
[EventDate "2008.??.??"]
[WhiteTeam "SK Krumbach"]
[BlackTeam "SC Kitzingen von 1905"]

1. d4 Nf6 2. Nf3 g6 3. c4 Bg7 4. Nc3 O-O 5. Bg5 d6 6. e3 Nbd7 7. Be2 c6 8. O-O
Re8 9. Qc2 h6 10. Bh4 e5 11. dxe5 dxe5 12. Rfd1 Qc7 13. Rac1 b6 14. b4 Bb7 15.
Nd2 a5 16. a3 axb4 17. axb4 Bf8 18. Bxf6 Nxf6 19. Nde4 Nxe4 20. Nxe4 Red8 21.
c5 bxc5 22. Nxc5 Bxc5 23. Qxc5 Rxd1+ 24. Bxd1 Qd7 25. Bf3 Ra2 26. Qxe5 Qd2 27.
Qe8+ 1/2-1/2

[Event "Bayern ch 2008"]
[Site "Bad Neustadt /Saale"]
[Date "2008.08.31"]
[Round "2.14"]
[White "Kirch, Daniel"]
[Black "Zehnter, Sebastian"]
[Result "0-1"]
[WhiteElo "2042"]
[BlackElo "2180"]
[PlyCount "48"]
[EventDate "2008.??.??"]
[WhiteTeam "FSV Großenseebach"]
[BlackTeam "SV Würzburg von 1865 e.V."]

1. d4 d5 2. c4 Nc6 3. Nc3 Nf6 4. Nf3 dxc4 5. e4 Bg4 6. Be3 e6 7. Bxc4 Bb4 8.
Qc2 O-O 9. a3 Bxc3+ 10. bxc3 Bxf3 11. gxf3 Na5 12. Be2 Nh5 13. e5 f5 14. Qa4 b6
15. f4 Qh4 16. Bf3 Rae8 17. d5 exd5 18. Qd4 Kh8 19. Rg1 c5 20. Qxd5 Rd8 21. Qe6
Nxf4 22. Bxf4 Qxf4 23. Qe7 g6 24. Rd1 Rde8 0-1

[Event "Bayern ch 2008"]
[Site "Bad Neustadt /Saale"]
[Date "2008.08.31"]
[Round "2.15"]
[White "Sternheimer, Erhard"]
[Black "Palmi, Herbert"]
[Result "1-0"]
[WhiteElo "2185"]
[BlackElo "2163"]
[PlyCount "77"]
[EventDate "2008.??.??"]
[WhiteTeam "SC Bad Königshofen 1957"]
[BlackTeam "SC Bayerwald/Regen"]

1. Nf3 c5 2. e4 e6 3. d3 d5 4. Nbd2 Nf6 5. g3 b6 6. Bg2 Bb7 7. e5 Nfd7 8. O-O
Nc6 9. Re1 Qc7 10. Qe2 g6 11. Nf1 Bg7 12. Bf4 h6 13. h4 b5 14. N1h2 a5 15. Ng4
b4 16. Qd2 Rc8 17. Bxh6 Bxh6 18. Nxh6 Ndxe5 19. Nxe5 Nxe5 20. Qg5 Nd7 21. h5
Nf8 22. hxg6 fxg6 23. Ng4 Rd8 24. Re2 Kd7 25. Ne5+ Kc8 26. Nxg6 Rh7 27. Nxf8
Rxf8 28. Rxe6 Qf7 29. Re2 Kb8 30. Rae1 Ka8 31. Qe7 Qf5 32. Qxc5 Rfh8 33. Qxa5+
Kb8 34. Re8+ Bc8 35. Qb6+ Ka8 36. Rxh8 Rxh8 37. Re7 Bd7 38. Qd6 Rd8 39. Bxd5+
1-0

[Event "Bayern ch 2008"]
[Site "Bad Neustadt /Saale"]
[Date "2008.08.31"]
[Round "2.16"]
[White "Sandner, Michael"]
[Black "Klimpel, Thomas"]
[Result "0-1"]
[WhiteElo "2044"]
[BlackElo "2154"]
[PlyCount "80"]
[EventDate "2008.??.??"]
[WhiteTeam "SG Traunstein/Traunreut e.V."]
[BlackTeam "TSV Kareth-Lappersdorf"]

1. e4 g6 2. d4 Bg7 3. Nc3 d6 4. f4 e6 5. Be3 Ne7 6. Nf3 Nd7 7. Qd2 a6 8. a4 b6
9. Bd3 Bb7 10. O-O c5 11. Rae1 O-O 12. Ne2 d5 13. exd5 Nxd5 14. Bf2 Rc8 15. Bh4
Qc7 16. c3 c4 17. Bc2 Ba8 18. g4 N7f6 19. Ne5 Qb7 20. Ng3 b5 21. f5 exf5 22.
gxf5 b4 23. Ne4 bxc3 24. bxc3 Nxe4 25. Bxe4 f6 26. Ng4 g5 27. Ne3 Qd7 28. Nxd5
Bxd5 29. Bxd5+ Qxd5 30. Bg3 Rfe8 31. Qg2 Qd7 32. Qc2 Qd5 33. Re2 h5 34. h4 Kf7
35. Kf2 Rxe2+ 36. Kxe2 Re8+ 37. Kf2 gxh4 38. Bxh4 Bh6 39. Kg1 Re4 40. Rf3 Rxh4
0-1

[Event "Bayern ch 2008"]
[Site "Bad Neustadt /Saale"]
[Date "2008.08.31"]
[Round "2.17"]
[White "Urytskyy, Michael"]
[Black "Däubler, Heinrich"]
[Result "1-0"]
[WhiteElo "2084"]
[BlackElo "2171"]
[PlyCount "53"]
[EventDate "2008.??.??"]
[WhiteTeam "PTSV SK Hof 1892"]
[BlackTeam "Schachclub Haselmühl"]

1. e4 g6 2. d4 Bg7 3. Nc3 d6 4. Nf3 Nd7 5. Be3 Ngf6 6. h3 O-O 7. Be2 c6 8. e5
Ne8 9. Qd2 d5 10. O-O-O b5 11. Ng5 Nb6 12. b3 a5 13. h4 f6 14. Nxh7 Kxh7 15. h5
g5 16. h6 Bh8 17. Bxg5 fxe5 18. Bd3+ Bf5 19. g4 e4 20. gxf5 Nd6 21. f3 exd3 22.
f6 exf6 23. Qxd3+ Ne4 24. fxe4 dxe4 25. Qxe4+ f5 26. Bxd8 fxe4 27. Bxb6 1-0

[Event "Bayern ch 2008"]
[Site "Bad Neustadt /Saale"]
[Date "2008.08.31"]
[Round "2.18"]
[White "Schindler, Viktor"]
[Black "Kirch, Florian"]
[Result "1-0"]
[WhiteElo "2111"]
[BlackElo "2024"]
[PlyCount "27"]
[EventDate "2008.??.??"]
[WhiteTeam "PTSV SK Hof 1892"]
[BlackTeam "FSV Großenseebach"]

1. e4 Nf6 2. e5 Nd5 3. Nc3 e6 4. d4 d6 5. Nf3 Nc6 6. Ne4 dxe5 7. dxe5 Bd7 8. c3
Be7 9. Bd3 a6 10. Qe2 O-O 11. c4 Bb4+ 12. Kf1 f5 13. cxd5 fxe4 14. Qxe4 1-0

[Event "Bayern ch 2008"]
[Site "Bad Neustadt /Saale"]
[Date "2008.09.01"]
[Round "3.1"]
[White "Lochte, Thomas"]
[Black "Zehnter, Sebastian"]
[Result "0-1"]
[WhiteElo "2176"]
[BlackElo "2180"]
[PlyCount "42"]
[EventDate "2008.??.??"]
[WhiteTeam "SK Weilheim"]
[BlackTeam "SV Würzburg von 1865 e.V."]

1. e4 d5 2. exd5 Nf6 3. d4 Bg4 4. Be2 Bxe2 5. Nxe2 Qxd5 6. O-O Nc6 7. Nbc3 Qh5
8. Bf4 O-O-O 9. Bg3 e5 10. d5 Nb4 11. a3 Nbxd5 12. Nxd5 Rxd5 13. Qe1 Ne4 14. c4
Rd8 15. Qa5 Qxe2 16. Rfe1 Qd2 17. Qxa7 Rd4 18. Bxe5 Qxf2+ 19. Kh1 Rd2 20. Qxf2
Nxf2+ 21. Kg1 Nd3 0-1

[Event "Bayern ch 2008"]
[Site "Bad Neustadt /Saale"]
[Date "2008.09.01"]
[Round "3.2"]
[White "Meister, Peter"]
[Black "Röder, Gerd"]
[Result "1/2-1/2"]
[WhiteElo "2390"]
[BlackElo "2277"]
[PlyCount "69"]
[EventDate "2008.??.??"]
[WhiteTeam "FC Bayern München e.V."]
[BlackTeam "SV Altensittenbach"]

1. d4 d5 2. c4 c6 3. Nf3 Nf6 4. Qc2 g6 5. Bf4 Bg7 6. e3 Bf5 7. Qb3 Qb6 8. Nc3
Nbd7 9. h3 O-O 10. c5 Qxb3 11. axb3 h6 12. b4 g5 13. Bh2 a6 14. Be2 Rac8 15.
Nd2 Ne4 16. Nb3 e5 17. f3 Nxc3 18. bxc3 f6 19. Na5 Rc7 20. O-O Re8 21. Rfe1 Nf8
22. Bf1 Rce7 23. Kf2 Bc8 24. g4 Ne6 25. Bd3 Nc7 26. Rad1 Kf7 27. Bf5 Bxf5 28.
gxf5 Nb5 29. dxe5 fxe5 30. c4 Nc3 31. Rc1 Na2 32. Rb1 Nc3 33. Rbc1 Na2 34. Rb1
Nc3 35. Rbc1 1/2-1/2

[Event "Bayern ch 2008"]
[Site "Bad Neustadt /Saale"]
[Date "2008.09.01"]
[Round "3.3"]
[White "Jorczik, Julian"]
[Black "Otte, Marco"]
[Result "1-0"]
[WhiteElo "2359"]
[BlackElo "2250"]
[PlyCount "79"]
[EventDate "2008.??.??"]
[WhiteTeam "FC Bayern München e.V."]
[BlackTeam "SC Tarrasch 45 München"]

1. d4 b5 2. e4 Bb7 3. Bd3 e6 4. Nf3 c5 5. dxc5 Bxc5 6. O-O Ne7 7. Ng5 f6 8.
Nxe6 Bxf2+ 9. Rxf2 dxe6 10. Qh5+ Ng6 11. Qxb5+ Qd7 12. Nc3 O-O 13. Be3 Ne5 14.
Qxd7 Nbxd7 15. Nb5 Ng4 16. Re2 Nxe3 17. Rxe3 Nc5 18. Nd6 Nxd3 19. Rxd3 Rab8 20.
Nxb7 Rxb7 21. b3 Rc8 22. c4 Kf7 23. Rad1 Ke7 24. Rd6 Rc5 25. Ra6 Re5 26. Rd4
Kf7 27. Kf2 h5 28. Ke3 h4 29. Rc6 Rg5 30. Rd2 Re5 31. c5 a5 32. Rd4 Ke7 33. Rc8
Ra7 34. c6 Rb5 35. Rc4 Rb4 36. Rc3 Kf7 37. c7 Rbb7 38. Rf8+ Kxf8 39. c8=Q+ Kf7
40. Qh8 1-0

[Event "Bayern ch 2008"]
[Site "Bad Neustadt /Saale"]
[Date "2008.09.01"]
[Round "3.4"]
[White "Liepold, Stefan"]
[Black "Golda, Harald"]
[Result "1/2-1/2"]
[WhiteElo "2283"]
[BlackElo "2336"]
[PlyCount "84"]
[EventDate "2008.??.??"]
[WhiteTeam "SC Erlangen"]
[BlackTeam "Schachklub Schweinfurt 2000 e.V."]

1. e4 c6 2. d4 d5 3. exd5 cxd5 4. c4 Nf6 5. Nc3 e6 6. Nf3 Be7 7. cxd5 Nxd5 8.
Bd3 Nc6 9. O-O O-O 10. Re1 Bf6 11. Be4 Nce7 12. h4 Bd7 13. Bb1 Nxc3 14. bxc3
Bc6 15. Ne5 Qd5 16. Be4 Qd8 17. Nxc6 bxc6 18. Ba3 Qa5 19. Bb4 Qc7 20. g3 Rfd8
21. Qh5 g6 22. Qf3 Bg7 23. Bxe7 Qxe7 24. Bxc6 Rac8 25. Rab1 Rc7 26. Rb3 Qd6 27.
Be4 Qa6 28. Re2 Qa5 29. Bb7 h5 30. Kg2 Rcd7 31. Reb2 Rc7 32. Bc6 Qa6 33. Rb8
Rxb8 34. Rxb8+ Kh7 35. Be8 Qd6 36. Rb5 Qf8 37. Bc6 Qc8 38. Be4 f5 39. Bb7 Qd7
40. Rb3 Qa4 41. Qf4 Qxa2 42. Qxc7 Qxb3 1/2-1/2

[Event "Bayern ch 2008"]
[Site "Bad Neustadt /Saale"]
[Date "2008.09.01"]
[Round "3.5"]
[White "Klimpel, Thomas"]
[Black "Köpke, Christian"]
[Result "0-1"]
[WhiteElo "2154"]
[BlackElo "2330"]
[PlyCount "66"]
[EventDate "2008.??.??"]
[WhiteTeam "TSV Kareth-Lappersdorf"]
[BlackTeam "SC Tarrasch 45 München"]

1. Nf3 g6 2. c4 Bg7 3. Nc3 c5 4. g3 Nc6 5. Bg2 e5 6. d3 Nge7 7. h4 h6 8. h5 g5
9. Bd2 d6 10. Rb1 Be6 11. Qa4 O-O 12. Nxg5 hxg5 13. Bxg5 f6 14. Bd2 Rf7 15. Nd5
Rb8 16. h6 Bh8 17. b4 cxb4 18. Nxb4 Nxb4 19. Qxb4 Qd7 20. Be3 Nc6 21. Qd2 d5
22. cxd5 Bxd5 23. Bh3 Be6 24. Bg2 Bd5 25. Bh3 Qd6 26. f3 Be6 27. g4 b6 28. Kf2
Ne7 29. f4 f5 30. Rbg1 Kh7 31. gxf5 Bxf5 32. Rg7+ Bxg7 33. hxg7 Bxh3 0-1

[Event "Bayern ch 2008"]
[Site "Bad Neustadt /Saale"]
[Date "2008.09.01"]
[Round "3.6"]
[White "Grimberg, Boris"]
[Black "Jussupow, Nadia"]
[Result "0-1"]
[WhiteElo "2293"]
[BlackElo "2166"]
[PlyCount "100"]
[EventDate "2008.??.??"]
[WhiteTeam "SAbt TSV Haunstetten"]
[BlackTeam "SK Krumbach"]

1. e4 e5 2. Nf3 Nf6 3. d4 Nxe4 4. Bd3 d5 5. Nxe5 Nd7 6. O-O Nxe5 7. dxe5 Nc5 8.
Nc3 Be6 9. Ne2 Qh4 10. Nd4 Nxd3 11. Qxd3 O-O-O 12. Be3 Bd7 13. f4 Bc5 14. Nf3
Qe7 15. Kh1 Bb5 16. Qf5+ Kb8 17. Bxc5 Qxc5 18. Rfe1 d4 19. Qxf7 Rdf8 20. Qxg7
Rfg8 21. Qf6 Qxc2 22. Rg1 Bc6 23. Rac1 Qf2 24. Rcf1 Qe2 25. e6 d3 26. Qe5 Qc2
27. Qc3 Qe2 28. Qe5 Qc2 29. Qe3 Qxb2 30. Rf2 Qb6 31. Qxb6 axb6 32. Ne5 Re8 33.
f5 Rhf8 34. Nf7 Be4 35. Re1 d2 36. Rd1 Bxf5 37. Rfxd2 Bxe6 38. Ng5 Bf5 39. h4
Bg6 40. Rd7 Rf4 41. R1d4 Rxd4 42. Rxd4 Kc8 43. Kh2 c5 44. Rf4 b5 45. Kg3 c4 46.
a4 c3 47. axb5 c2 48. Rc4+ Kb8 49. h5 Rc8 50. hxg6 Rxc4 0-1

[Event "Bayern ch 2008"]
[Site "Bad Neustadt /Saale"]
[Date "2008.09.01"]
[Round "3.7"]
[White "Deglmann, Ludwig"]
[Black "Sternheimer, Erhard"]
[Result "1/2-1/2"]
[WhiteElo "2336"]
[BlackElo "2185"]
[PlyCount "107"]
[EventDate "2008.??.??"]
[WhiteTeam "FC Bayern München e.V."]
[BlackTeam "SC Bad Königshofen 1957"]

1. g3 Nf6 2. Bg2 c5 3. c4 g6 4. Nc3 Bg7 5. a3 O-O 6. Nh3 Nc6 7. Nf4 d6 8. O-O
Rb8 9. Rb1 Ne5 10. d3 Bd7 11. b4 b6 12. b5 e6 13. a4 Ne8 14. Bd2 Nc7 15. a5 Bc8
16. a6 Nd7 17. e3 Nf6 18. d4 Qe7 19. Qb3 Ng4 20. dxc5 dxc5 21. Rbd1 Bd7 22. h3
Nh6 23. e4 Rfd8 24. Be3 Be8 25. Nfe2 Rxd1 26. Rxd1 Rd8 27. f4 f6 28. Nc1 Rxd1+
29. Qxd1 Nf7 30. Nb3 Bf8 31. Bf1 Qd7 32. Qxd7 Bxd7 33. Kg2 Bc8 34. Kf3 Be7 35.
Na4 Bd6 36. Nbxc5 bxc5 37. Nxc5 Na8 38. Na4 Bb8 39. c5 Nd8 40. b6 Bd7 41. bxa7
Bxa7 42. Nb6 Bc6 43. Nc8 Bb8 44. Ne7+ Kf7 45. Nxc6 Nxc6 46. Bb5 Na7 47. Bc4 Ke7
48. f5 exf5 49. exf5 gxf5 50. Bf4 Be5 51. Bd3 Nc7 52. Bxf5 Nxa6 53. Be3 Nc6 54.
Bd3 1/2-1/2

[Event "Bayern ch 2008"]
[Site "Bad Neustadt /Saale"]
[Date "2008.09.01"]
[Round "3.8"]
[White "Wild, Rudolf"]
[Black "de Francesco, Klaus"]
[Result "0-1"]
[WhiteElo "2267"]
[BlackElo "2362"]
[PlyCount "84"]
[EventDate "2008.??.??"]
[WhiteTeam "SK Krumbach"]
[BlackTeam "SK Weilheim"]

1. Nf3 Nf6 2. c4 e6 3. d4 Bb4+ 4. Bd2 Qe7 5. Nc3 O-O 6. g3 Bxc3 7. Bxc3 Ne4 8.
Qc2 Nxc3 9. Qxc3 d6 10. Bg2 Nc6 11. O-O a5 12. d5 Nb8 13. e4 e5 14. c5 Nd7 15.
c6 Nc5 16. cxb7 Bxb7 17. Nd2 f5 18. f3 Qg5 19. exf5 Ba6 20. Rfe1 Qxf5 21. Ne4
Nxe4 22. fxe4 Qf2+ 23. Kh1 Qb6 24. Rac1 Rf7 25. Rc2 Raf8 26. Qe3 Qb4 27. Rd1
Bf1 28. Bxf1 Rxf1+ 29. Rxf1 Rxf1+ 30. Kg2 Re1 31. Qf3 Qxe4 32. Qxe4 Rxe4 33.
Kf3 Rd4 34. Rxc7 Rxd5 35. Ke4 Rd2 36. Rb7 Rxh2 37. Kd5 Rd2+ 38. Ke6 h5 39. Kf5
Kh7 40. Kg5 e4 41. Kxh5 e3 42. g4 Rd5+ 0-1

[Event "Bayern ch 2008"]
[Site "Bad Neustadt /Saale"]
[Date "2008.09.01"]
[Round "3.9"]
[White "Schramm, Christian"]
[Black "Schatz, Christian"]
[Result "1-0"]
[WhiteElo "2318"]
[BlackElo "2209"]
[PlyCount "87"]
[EventDate "2008.??.??"]
[WhiteTeam "SC 1959 Obernau"]
[BlackTeam "Schachzentrum Fürth 2002"]

1. e4 Nf6 2. Nc3 d5 3. e5 Nfd7 4. d4 e6 5. f4 c5 6. Nf3 Nc6 7. Be3 Qb6 8. Na4
Qa5+ 9. c3 c4 10. b4 Qc7 11. Nb2 a5 12. b5 Ne7 13. Na4 Nf5 14. Bf2 h5 15. Nh4
Nb6 16. Nxf5 exf5 17. Nc5 Be6 18. Be2 g6 19. Rb1 Be7 20. Bf3 Nd7 21. b6 Nxb6
22. O-O Ra7 23. Rb5 Nc8 24. Qb1 Bxc5 25. Rxc5 Qd7 26. Qb5 Ne7 27. Bh4 Qxb5 28.
Rxb5 Bd7 29. Rfb1 Bxb5 30. Rxb5 a4 31. Bf6 Rg8 32. Bxd5 Nxd5 33. Rxd5 Ra8 34.
Kf2 Rb8 35. Ke3 b5 36. a3 Rf8 37. Rd6 Rg8 38. d5 Rf8 39. Kd4 Rg8 40. Kc5 b4 41.
Kc6 b3 42. Kc7 b2 43. Kxb8 b1=Q+ 44. Kc7 1-0

[Event "Bayern ch 2008"]
[Site "Bad Neustadt /Saale"]
[Date "2008.09.01"]
[Round "3.10"]
[White "Schindler, Viktor"]
[Black "Lentrodt, Thomas"]
[Result "1-0"]
[WhiteElo "2111"]
[BlackElo "2306"]
[PlyCount "80"]
[EventDate "2008.??.??"]
[WhiteTeam "PTSV SK Hof 1892"]
[BlackTeam "FC Bayern München e.V."]

1. e4 c5 2. Nf3 e6 3. d4 cxd4 4. Nxd4 Nf6 5. Nc3 d6 6. g4 h6 7. h3 a6 8. Bg2
Qc7 9. Be3 Nc6 10. Qe2 Ne5 11. O-O-O Nc4 12. f4 Nxe3 13. Qxe3 Be7 14. Kb1 Nd7
15. h4 Nb6 16. g5 h5 17. f5 e5 18. Nde2 Bd7 19. Ng3 O-O-O 20. Bf3 Rh7 21. Nd5
Nxd5 22. exd5 Kb8 23. Qe4 Rdh8 24. Rd3 Bd8 25. Rhd1 Qc5 26. Rc3 Qf2 27. Qb4 Qb6
28. Qa3 Bc7 29. Ne4 Qa5 30. Qxa5 Bxa5 31. Rb3 Bc7 32. Ng3 Rc8 33. Bxh5 Ba5 34.
Ra3 Bb4 35. Rb3 Rc4 36. Bxf7 Rhxh4 37. a3 Bc5 38. g6 Rcf4 39. Be6 Bb5 40. Rc3
Bc4 1-0

[Event "Bayern ch 2008"]
[Site "Bad Neustadt /Saale"]
[Date "2008.09.01"]
[Round "3.11"]
[White "Poetsch, Klaus"]
[Black "Rother, Christoph"]
[Result "0-1"]
[WhiteElo "2245"]
[BlackElo "2291"]
[PlyCount "80"]
[EventDate "2008.??.??"]
[WhiteTeam "SC Waldkraiburg"]
[BlackTeam "SV Fortuna Regensburg"]

1. d4 Nf6 2. Nf3 e6 3. c4 b6 4. a3 Ba6 5. Qc2 Bb7 6. Nc3 c5 7. e3 Be7 8. dxc5
bxc5 9. Be2 O-O 10. O-O Qc7 11. Rd1 d5 12. b3 Nbd7 13. cxd5 exd5 14. Bb2 Rfd8
15. Nb5 Qb6 16. a4 a6 17. a5 Qc6 18. Nc3 h6 19. Nh4 Qe6 20. Nf5 Bf8 21. Na4
Rac8 22. Ng3 Re8 23. Bd3 Rc7 24. Bf1 Rb8 25. Bc3 Bc6 26. Nb6 Bb5 27. Bxb5 axb5
28. Nf5 Nxb6 29. axb6 Rd7 30. Ra7 Rxb6 31. Ra8 Ra6 32. Ra1 Rxa8 33. Rxa8 Qc6
34. Rb8 d4 35. exd4 Qc7 36. Rxb5 cxd4 37. Nxd4 Rxd4 38. g3 Ne4 39. Qb2 Qxc3 40.
Qxc3 Nxc3 0-1

[Event "Bayern ch 2008"]
[Site "Bad Neustadt /Saale"]
[Date "2008.09.01"]
[Round "3.12"]
[White "Safyanowsky, Mark"]
[Black "Urytskyy, Michael"]
[Result "1-0"]
[WhiteElo "2284"]
[BlackElo "2084"]
[PlyCount "122"]
[EventDate "2008.??.??"]
[WhiteTeam "SC Dillingen"]
[BlackTeam "PTSV SK Hof 1892"]

1. Nf3 c5 2. c4 g6 3. d4 cxd4 4. Nxd4 Nf6 5. g3 Bg7 6. Bg2 O-O 7. Nc3 a6 8. O-O
Qc7 9. Nd5 Nxd5 10. cxd5 d6 11. Be3 Nd7 12. Qd2 Nf6 13. Rfc1 Qd8 14. h3 Bd7 15.
Qb4 Qb8 16. Qb6 Bc8 17. Rc2 Nd7 18. Qc7 Nc5 19. Qxe7 Bd7 20. Qh4 Qd8 21. Qxd8
Rfxd8 22. Rac1 Rac8 23. b3 Re8 24. g4 a5 25. Nf3 Ne4 26. Bd4 Rxc2 27. Rxc2 Rc8
28. Rxc8+ Bxc8 29. Bxg7 Kxg7 30. Nd4 Nc3 31. a4 Kf6 32. e3 g5 33. f4 b6 34. Kf2
h6 35. Ke1 Na2 36. Kd2 Nb4 37. Nb5 Ke7 38. Nd4 Kf6 39. Nc6 Na6 40. Kc3 Nc7 41.
b4 axb4+ 42. Kxb4 Bd7 43. a5 bxa5+ 44. Kxa5 Kg7 45. Kb6 Ne8 46. f5 Kf6 47. Bf3
h5 48. Bd1 hxg4 49. hxg4 Bxf5 50. gxf5 Kxf5 51. Bf3 g4 52. Nd4+ Kg5 53. Bg2 Kh4
54. Ne2 Ng7 55. Kc6 Nf5 56. e4 Ne3 57. Kxd6 f5 58. exf5 Nxf5+ 59. Ke6 Ng7+ 60.
Kf6 Ne8+ 61. Ke7 Ng7 1-0

[Event "Bayern ch 2008"]
[Site "Bad Neustadt /Saale"]
[Date "2008.09.01"]
[Round "3.13"]
[White "Röder, Frank"]
[Black "Kirch, Daniel"]
[Result "1/2-1/2"]
[WhiteElo "2252"]
[BlackElo "2042"]
[PlyCount "25"]
[EventDate "2008.??.??"]
[WhiteTeam "SV Altensittenbach"]
[BlackTeam "FSV Großenseebach"]

1. e4 e5 2. Nc3 Nc6 3. Bc4 Nf6 4. d3 Na5 5. Nge2 Bc5 6. O-O c6 7. a3 Nxc4 8.
dxc4 a5 9. Qd3 d6 10. Be3 O-O 11. Rad1 Be6 12. Bxc5 dxc5 13. Qe3 1/2-1/2

[Event "Bayern ch 2008"]
[Site "Bad Neustadt /Saale"]
[Date "2008.09.01"]
[Round "3.14"]
[White "Kliche, Alexander"]
[Black "Reich, Thomas"]
[Result "0-1"]
[WhiteElo "2211"]
[BlackElo "2425"]
[PlyCount "60"]
[EventDate "2008.??.??"]
[WhiteTeam "SC Kitzingen von 1905"]
[BlackTeam "FC Bayern München e.V."]

1. d4 Nf6 2. Bg5 e6 3. Nf3 c5 4. Nc3 cxd4 5. Nxd4 a6 6. e4 d6 7. f3 Qb6 8. Nb3
Qc7 9. Qd2 Nbd7 10. O-O-O b5 11. a3 Rb8 12. Kb1 Be7 13. g4 h6 14. Bf4 Ne5 15.
Bxe5 dxe5 16. Na2 Nd7 17. h4 Nf8 18. Qa5 Rb6 19. Nb4 Ng6 20. Rd3 O-O 21. Rc3
Qb7 22. Nc5 Qa7 23. Nbd3 Bxh4 24. Rb3 Rc6 25. Rc3 Bd8 26. Qb4 Be7 27. a4 Nf4
28. axb5 Nxd3 29. Bxd3 axb5 30. Qxb5 Rxc5 0-1

[Event "Bayern ch 2008"]
[Site "Bad Neustadt /Saale"]
[Date "2008.09.01"]
[Round "3.15"]
[White "Palmi, Herbert"]
[Black "Seuffert, Gabriel"]
[Result "0-1"]
[WhiteElo "2163"]
[BlackElo "2322"]
[PlyCount "58"]
[EventDate "2008.??.??"]
[WhiteTeam "SC Bayerwald/Regen"]
[BlackTeam "SV Würzburg von 1865 e.V."]

1. e4 c5 2. Nf3 e6 3. d3 Nc6 4. g3 g6 5. Bg5 Qb6 6. Qc1 Bg7 7. c3 d6 8. Nbd2 e5
9. Nc4 Qc7 10. h4 h6 11. Bd2 Bg4 12. Nh2 Be6 13. Ne3 Qd7 14. Be2 Nf6 15. c4 Nd4
16. Bd1 b5 17. b3 a6 18. a4 O-O 19. Nd5 Bxd5 20. cxd5 Qh3 21. Bxh6 Qg2 22. Rf1
Qxh2 23. Be3 Qh3 24. Bxd4 exd4 25. Qf4 Rfe8 26. Bf3 Nxd5 27. Qxd6 Nb4 28. O-O-O
Red8 29. Qf4 Qxf1 0-1